numox - Statistics

General Stats
  • This quiz has been taken 71 times
  • The average score is 38 of 43
Answer Stats
Hint Answer % Correct
H 1
100%
Li 1
100%
Na 1
100%
K 1
100%
Rb 1
100%
Cs 1
100%
Fr 1
100%
Cu 1, 2
100%
Be 2
100%
Mg 2
100%
Ca 2
100%
Sr 2
100%
Ba 2
100%
Ra 2
100%
Zn 2
100%
Fe 2, 3
100%
Co 2, 3
100%
Ni 2, 3
100%
Ag 1
93%
Au 1, 3
93%
Cd 2
93%
Cr 2, 3, 6
93%
B 3, -3
93%
Pb 2, 4
87%
Si 2, 4, -4
87%
Al 3
87%
Hg 1, 2
80%
O -2
80%
Mn 2, 3, 4, 6, 7
80%
Pt 2, 4
80%
Sn 2, 4
80%
C 2, 4, -4
80%
F -1
73%
Cl 1, 3, 5, 7, -1
73%
Br 1, 3, 5, 7, -1
73%
I 1, 3, 5, 7, -1
73%
S 2, 4, 6, -2
73%
N 1, 2, 3, 4, 5, -1, -2, -3
67%
Te 2, 4, 6, -2
67%
P 3, 5, -3
67%
As 3, 5, -3
67%
Sb 3, 5, -3
67%
Se 4. 6. -2
60%
No matching quizzes found
Score Distribution
Percent of People with Each Score
Percentile by Number Answered
Your Score History
You have not taken this quiz